ब्रह्मकमल : (Record no. 61002)

MARC details
000 -LEADER
fixed length control field 01051nam a22002297a 4500
005 - DATE AND TIME OF LATEST TRANSACTION
control field 20120112143825.0
008 - FIXED-LENGTH DATA ELEMENTS--GENERAL INFORMATION
fixed length control field 120112t xxu||||| |||| 00| 0 mar d
010 ## - LCCN (DPL NO)
LC control number MAR-21856
020 ## - INTERNATIONAL STANDARD BOOK NUMBER
Terms of availability 60.00
035 ## - SYSTEM CONTROL NUMBER
System control number MR-14514
037 ## - SOURCE OF ACQUISITION
Source of stock number/acquisition DBAD/PUB
040 ## - CATALOGING SOURCE
Original cataloging agency DPL
Language of cataloging MR
082 ## - DEWEY DECIMAL CLASSIFICATION NUMBER
Classification number 920
100 ## - MAIN ENTRY--PERSONAL NAME
Personal name पटवर्धन,मधु
9 (RLIN) 39079
245 ## - TITLE STATEMENT
Title ब्रह्मकमल :
Statement of responsibility, etc मधु पटवर्धन
Remainder of title युगावतारी स्वामी स्वरुपानंददांच्या काही आठवणी /
246 ## - VARYING FORM OF TITLE
Title proper/short title Bramhakamal
Remainder of title by Madhu Patwardhan
260 ## - PUBLICATION, DISTRIBUTION, ETC. (IMPRINT)
Place of publication, distribution, etc पुणे
Name of publisher, distributor, etc राजहंस प्रकाशन
Date of publication, distribution, etc 2011
270 ## - ADDRESS
Address 1025,सदाशिव पेठ,
City पुणे
Postal code 411030
300 ## - PHYSICAL DESCRIPTION
Extent 72पृ.
Dimensions 21सेमी(अजिल्द)
Other physical details सचित्र
942 ## - ADDED ENTRY ELEMENTS (KOHA)
Source of classification or shelving scheme Dewey Decimal Classification
Item type Marathi Books
Call number suffix स्वरुप
Classification part 920
Holdings
Withdrawn status Lost status Source of classification or shelving scheme Damaged status Not for loan Collection code Home library Current library Date acquired Source of acquisition Cost, normal purchase price Total Checkouts Full call number Barcode Date last seen Copy number Cost, replacement price Koha item type
    Dewey Decimal Classification   Not For Loan Non-fiction D.B.Act.Division D.B.Act.Division 16/01/2012 DBAD/PUB 60.00   920 स्वरुप MR-14514 16/01/2012 1 60.00 Marathi Books

© Delhi Public Library
Hit Counter
free hit counter